Qatra qatra qulzam (قطرہ قطرہ قلزم) / (Record no. 614365)
[ view plain ]
| 000 -LEADER | |
|---|---|
| fixed length control field | 00389nam a22001337a 4500 |
| 003 - CONTROL NUMBER IDENTIFIER | |
| control field | NUST |
| 082 ## - DEWEY DECIMAL CLASSIFICATION NUMBER | |
| Classification number | 891.439,WAS |
| 100 ## - MAIN ENTRY--PERSONAL NAME | |
| Personal name | Ali Wasif, Wasif |
| 9 (RLIN) | 129836 |
| 245 ## - TITLE STATEMENT | |
| Title | Qatra qatra qulzam (قطرہ قطرہ قلزم) / |
| Statement of responsibility, etc. | Wasif Ali Wasif |
| 260 ## - PUBLICATION, DISTRIBUTION, ETC. | |
| Place of publication, distribution, etc. | Lahore : |
| Name of publisher, distributor, etc. | Kashif Publications, |
| Date of publication, distribution, etc. | 1999 |
| 300 ## - PHYSICAL DESCRIPTION | |
| Extent | 208 p. : 22 cm |
| 650 ## - SUBJECT ADDED ENTRY--TOPICAL TERM | |
| Topical term or geographic name entry element | Urdu Literature -- General |
| 9 (RLIN) | 129837 |
| 942 ## - ADDED ENTRY ELEMENTS (KOHA) | |
| Source of classification or shelving scheme | |
| Koha item type | Book |
| Withdrawn status | Lost status | Source of classification or shelving scheme | Damaged status | Not for loan | Permanent Location | Current Location | Shelving location | Date acquired | Total Checkouts | Full call number | Barcode | Checked out | Date last seen | Date last checked out | Price effective from | Koha item type |
|---|---|---|---|---|---|---|---|---|---|---|---|---|---|---|---|---|
| Military College of Signals (MCS) | Military College of Signals (MCS) | General Stacks | 07/15/2025 | 1 | 891.439,WAS | MCS38422 | 08/14/2025 | 07/15/2025 | 07/15/2025 | 07/15/2025 | Book |
